00393nam a2200169Ia 4500008004100000020001500041050000800056050001600064100001800080245002200098245001700120260001700137260001900154260000900173300001400182440002700196160319s9999 xx 000 0 und d a1845570065 a920 b.D229g 2004 aDas, Nandita. aGalileo Galilei / cNandita Das. aNew, Delhi : bNew Dawn Press c2004 a45 pages; aScientist of the World